000 00702cam a22002533a 4500
001 30560
003 PGUSA
005 20140828083648.0
008 091128s2009||||xxu|||||s|||||000 | eng d
040 _aPGUSA
_beng
042 _adc
050 4 _aML
050 4 _aMT
100 1 _aSpalding, Walter Raymond,
_d1865-1962
245 1 0 _aMusic :
_bAn Art and a Language
_h[electronic resource] /
_cWalter Raymond Spalding
260 _bProject Gutenberg,
_c2009
506 _aPublic domain in the USA.
516 _aElectronic text
653 _aMusic appreciation
653 _aMusical form
830 0 _aProject Gutenberg
_v30560
856 4 0 _uhttp://www.gutenberg.org/ebooks/30560
942 _cEB
999 _c259815
_d259815